[Event "Lyon op"]
[Site "Lyon"]
[Date "2007.11.01"]
[Round "3"]
[White "Vitoux, Colomban"]
[Black "Xausa, Flavio"]
[Result "1-0"]
[WhiteElo "2394"]
[BlackElo "2029"]
[PlyCount "83"]
[EventDate "2007.10.31"]
[EventType "swiss"]
[EventRounds "9"]
[EventCountry "FRA"]
[SourceTitle "EXT 2008"]
[Source "ChessBase"]
[SourceDate "2007.11.25"]
[SourceVersion "1"]
[SourceVersionDate "2007.11.25"]
[SourceQuality "1"]

1. e4 e6 2. d4 d5 3. Nc3 Bb4 4. e5 c5 5. dxc5 Nc6 6. Nf3 f6 7. Bb5 Nge7 8. exf6 gxf6 9. 0-0 0-0 10. Na4 e5 11. a3 Ba5 12. b4 Bc7 13. Bb2 Qe8 14. Nc3 Be6 15. Be2 Rd8 16. Nh4 Ng6 17. Bh5 Qf7 18. Nb5 Bb8 19. f4 Qg7 20. Nxg6 hxg6 21. Bg4 Qd7 22. Bxe6+ Qxe6 23. f5 gxf5 24. Qh5 Ne7 25. Rae1 Qf7 26. Qh6 e4 27. Nd6 Rxd6 28. cxd6 Bxd6 29. g4 f4 30. Rxf4 Bxf4 31. Qxf4 Ng6 32. Qd6 Nh4 33. Rd1 Nf3+ 34. Kf2 Rc8 35. Kg3 Rxc2 36. Bxf6 Qc7 37. Qxc7 Rxc7 38. Rxd5 Kf7 39. Bd4 Ke6 40. Rc5 Rh7 41. Be3 Rxh2 42. Kf4 1-0

[Event "Turin Autumn op"]
[Site "Turin"]
[Date "2006.11.??"]
[Round "4"]
[White "Xausa, Flavio"]
[Black "Bozzali, Ermanno"]
[Result "0-1"]
[WhiteElo "2088"]
[BlackElo "2099"]
[PlyCount "198"]
[EventDate "2006.10.28"]
[EventType "swiss"]
[EventRounds "7"]
[EventCountry "ITA"]
[SourceTitle "EXT 2011"]
[Source "ChessBase"]
[SourceDate "2010.11.26"]
[SourceVersion "1"]
[SourceVersionDate "2010.11.26"]
[SourceQuality "1"]

1. d4 Nf6 2. c4 e6 3. Nc3 Bb4 4. Qc2 Nc6 5. Nf3 d6 6. a3 Bxc3+ 7. Qxc3 Qe7 8. Bf4 Ne4 9. Qc2 f5 10. e3 e5 11. dxe5 dxe5 12. Bg3 Bd7 13. Be2 0-0-0 14. 0-0-0 h5 15. h4 Rdf8 16. Rhf1 g5 17. Rh1 g4 18. Ng5 Nxg5 19. hxg5 Qxg5 20. Bh4 Qh6 21. b4 f4 22. b5 Nb8 23. Qe4 Re8 24. Rd5 Qh7 25. Qxh7 Rxh7 26. Bf6 Rf7 27. Bxe5 c6 28. Rc5 b6 29. bxc6 Nxc6 30. Rxc6+ Bxc6 31. exf4 Rxe5 32. fxe5 Rxf2 33. Kd1 Bxg2 34. Rxh5 Bf3 35. Bxf3 Rxf3 36. Rg5 Rxa3 37. Rxg4 Kd7 38. Re4 Ke6 39. Kc2 Ra5 40. Kb3 Rc5 41. Kc3 Rxe5 42. Rh4 Kd6 43. Rh6+ Kc5 44. Rh3 a5 45. Rg3 Re4 46. Rg5+ Kc6 47. Rg6+ Kb7 48. Rg7+ Ka6 49. Rg6 Re5 50. Rh6 Rc5 51. Rg6 Kb7 52. Rh6 b5 53. Rh7+ Kc8 54. Rh8+ Kd7 55. Rh7+ Ke6 56. Rh6+ Kf7 57. Rh4 Kg6 58. Kb3 Kg5 59. Rd4 b4 60. Re4 Kf5 61. Rh4 Kg5 62. Re4 Kf5 63. Rh4 Ke6 64. Rh6+ Kd7 65. Rg6 Kc7 66. Rh6 Kb7 67. Rg6 Rc6 68. Rg5 Kb6 69. Rh5 Rc5 70. Rh6+ Kc7 71. Rh7+ Kd6 72. Rh6+ Ke5 73. Rh4 Kf6 74. Rd4 Kg5 75. Re4 Rf5 76. Ka4 Kf6 77. Rd4 Ke6 78. Rd3 Rc5 79. Kb3 Ke5 80. Rh3 Kf4 81. Rh4+ Kg3 82. Rd4 Re5 83. Ka4 Kf3 84. Rh4 Ke3 85. Kb3 Rf5 86. Rh8 Re5 87. Rd8 Ke4 88. Rh8 Kd4 89. Rd8+ Kc5 90. Rc8+ Kb6 91. Rb8+ Kc7 92. Rh8 Re3+ 93. Ka4 Ra3+ 94. Kb5 b3 95. Rh3 b2 96. Rxa3 b1Q+ 97. Kxa5 Kc6 98. Ka4 Kc5 99. Rb3 Qa2+ 0-1

[Event "Lodi op 1st"]
[Site "Lodi"]
[Date "2005.06.11"]
[Round "3"]
[White "Xausa, Flavio"]
[Black "Santurbano, Maria Vincenza"]
[Result "1-0"]
[WhiteElo "2123"]
[BlackElo "2043"]
[PlyCount "117"]
[EventDate "2005.06.10"]
[EventType "swiss"]
[EventRounds "5"]
[EventCountry "ITA"]
[SourceTitle "EXT 2007"]
[Source "ChessBase"]
[SourceDate "2006.11.23"]
[SourceVersion "1"]
[SourceVersionDate "2006.11.23"]
[SourceQuality "1"]

1. e4 c5 2. Nf3 d6 3. d4 cxd4 4. Nxd4 Nf6 5. Nc3 a6 6. Be3 Ng4 7. Bg5 h6 8. Bh4 g5 9. Bg3 Bg7 10. Be2 h5 11. h3 Nf6 12. h4 g4 13. 0-0 Nc6 14. Nb3 Be6 15. f3 gxf3 16. Bxf3 Ng4 17. Bxg4 Bxg4 18. Qd2 Ne5 19. Nd5 Rc8 20. Qf2 0-0 21. Nd4 Rc4 22. c3 e6 23. Ne3 Rc5 24. Bxe5 Rxe5 25. Nxg4 hxg4 26. Rae1 d5 27. exd5 Rxd5 28. Nb3 a5 29. Re4 Rf5 30. Rf4 Rxf4 31. Qxf4 Qxh4 32. Nxa5 Bh6 33. Qe4 Qg3 34. Re1 Rd8 35. Nc4 Rd5 36. a4 Rh5 37. Rd1 Qh2+ 38. Kf1 Rf5+ 39. Ke2 Qg3 40. Rf1 b5 41. Rxf5 exf5 42. Qa8+ Kg7 43. axb5 Qf4 44. Qd5 Kg6 45. Qd6+ Qxd6 46. Nxd6 Bf4 47. Nb7 Kf6 48. Nc5 Ke7 49. Nd3 Bb8 50. Ke3 Ke6 51. c4 Bh2 52. b4 Kf6 53. Nf4 Ke5 54. Nd3+ Kf6 55. c5 Kg5 56. b6 Kh4 57. Kf2 Bg3+ 58. Ke2 Kg5 59. c6 1-0

[Event "Lodi op 1st"]
[Site "Lodi"]
[Date "2005.06.10"]
[Round "1"]
[White "Xausa, Flavio"]
[Black "Zezulkin, Jurij"]
[Result "0-1"]
[WhiteElo "2123"]
[BlackElo "2512"]
[PlyCount "39"]
[EventDate "2005.06.10"]
[EventType "swiss"]
[EventRounds "5"]
[EventCountry "ITA"]
[SourceTitle "EXT 2007"]
[Source "ChessBase"]
[SourceDate "2006.11.23"]
[SourceVersion "1"]
[SourceVersionDate "2006.11.23"]
[SourceQuality "1"]

1. e4 c5 2. Nf3 Nc6 3. Bb5 d6 4. d4 cxd4 5. Nxd4 Bd7 6. Nc3 g6 7. 0-0 Bg7 8. Be3 Nf6 9. f3 0-0 10. Qd2 Rc8 11. Rfd1 Nxd4 12. Bxd4 Rxc3 13. Bxf6 Bxf6 14. Bxd7 Qb6+ 15. Kh1 Qxb2 16. Ba4 Qb4 17. Bb3 Rxb3 18. Kg1 Bg7 19. Qd4 Qa5 20. a4 0-1

[Event "Torino op 4th"]
[Site "Torino"]
[Date "2002.09.??"]
[Round "3"]
[White "Xausa, Flavio"]
[Black "Guglielmi, Nicolo"]
[Result "1-0"]
[WhiteElo "1867"]
[BlackElo "1776"]
[PlyCount "53"]
[EventDate "2002.09.??"]
[EventType "swiss"]
[EventRounds "7"]
[EventCountry "ITA"]
[SourceTitle "EXT 2024"]
[Source "ChessBase"]
[SourceDate "2023.10.10"]
[SourceVersion "1"]
[SourceVersionDate "2023.10.10"]
[SourceQuality "1"]

1. e4 c5 2. Nf3 e6 3. d3 d5 4. Nbd2 Nc6 5. g3 Nf6 6. Bg2 Be7 7. 0-0 0-0 8. Re1 Re8 9. h4 dxe4 10. dxe4 e5 11. c3 Bg4 12. Qc2 Qc7 13. Nc4 Nd7 14. Ne3 Be6 15. Nd5 Qc8 16. Bf1 a6 17. a4 Rb8 18. b3 f6 19. Be3 Bd8 20. h5 b6 21. Nh4 Ne7 22. Bg2 Nf8 23. Bf3 c4 24. b4 Qc6 25. Red1 Nd7 26. Nf5 Qc8 27. Nd6 1-0

[Event "Torino op 4th"]
[Site "Torino"]
[Date "2002.09.??"]
[Round "4"]
[White "Xausa, Flavio"]
[Black "Nazario, Enrico"]
[Result "1/2-1/2"]
[WhiteElo "1867"]
[BlackElo "1765"]
[PlyCount "101"]
[EventDate "2002.09.??"]
[EventType "swiss"]
[EventRounds "7"]
[EventCountry "ITA"]
[SourceTitle "EXT 2024"]
[Source "ChessBase"]
[SourceDate "2023.10.10"]
[SourceVersion "1"]
[SourceVersionDate "2023.10.10"]
[SourceQuality "1"]

1. e4 e6 2. d3 c5 3. Nf3 Nc6 4. g3 b6 5. Bg2 Bb7 6. Nbd2 d5 7. 0-0 Bd6 8. Re1 Nge7 9. c3 0-0 10. e5 Bc7 11. d4 cxd4 12. cxd4 Nb4 13. Bf1 Ba6 14. Bxa6 Nxa6 15. Nf1 Nb4 16. Kg2 Qe8 17. a3 Nbc6 18. h4 Nd8 19. Bd2 f5 20. exf6 gxf6 21. Bb4 a5 22. Bxe7 Qxe7 23. Ne3 Qg7 24. Qd3 Nf7 25. Nf1 Rfe8 26. N1d2 Nd6 27. Rg1 Rad8 28. Rac1 Kh8 29. Kf1 b5 30. b3 Bb8 31. g4 Qg6 32. Qxg6 hxg6 33. g5 fxg5 34. Rxg5 Kh7 35. Rg4 Nf5 36. Kg2 Nh6 37. Rg5 Bf4 38. Rh1 Kg7 39. Ne5 Bxg5 40. hxg5 Nf5 41. Ndf3 Rh8 42. Rc1 Rc8 43. Rc5 Rxc5 44. dxc5 b4 45. axb4 axb4 46. Ne1 Nd4 47. N1d3 Rc8 48. Nxb4 Nxb3 49. Nbd3 Nxc5 50. Nf4 d4 51. Kf3 1/2-1/2

[Event "Torino Epifania op"]
[Site "Torino"]
[Date "2002.01.??"]
[Round "3"]
[White "Giacometto, Mario"]
[Black "Xausa, Flavio"]
[Result "0-1"]
[WhiteElo "1717"]
[BlackElo "1819"]
[PlyCount "82"]
[EventDate "2002.01.??"]
[EventType "swiss"]
[EventRounds "6"]
[EventCountry "ITA"]
[SourceTitle "EXT 2024"]
[Source "ChessBase"]
[SourceDate "2023.10.10"]
[SourceVersion "1"]
[SourceVersionDate "2023.10.10"]
[SourceQuality "1"]

1. e4 c5 2. Nf3 e6 3. d4 cxd4 4. Nxd4 Nf6 5. Bd3 d6 6. 0-0 Nbd7 7. Be3 a6 8. a4 b6 9. Nc3 Bb7 10. f3 Qc7 11. Kh1 Be7 12. Qd2 Rc8 13. Rad1 Ne5 14. Qf2 0-0 15. Nde2 Nfd7 16. Qg3 Rfd8 17. h4 Nc5 18. Nf4 Kh8 19. h5 Qd7 20. h6 g6 21. Bd4 Qe8 22. Nxg6+ hxg6 23. f4 Qf8 24. fxe5 Qxh6+ 25. Kg1 Kg8 26. exd6 Rxd6 27. Be5 Rd7 28. Bf6 Bxf6 29. Rxf6 Kg7 30. Rdf1 Rh8 31. Qf3 Qh2+ 32. Kf2 Qh4+ 33. Ke2 Qh5 34. g4 Qh2+ 35. Rf2 Qc7 36. Rxg6+ Kxg6 37. Qf6+ Kh7 38. e5+ Kg8 39. g5 Nxd3 40. cxd3 Qd8 41. Qf4 Rh7 0-1